000 00999cam a22003254a 4500
001 14678923
003 OSt
005 20140311163218.0
008 061222r20062005nyuab j b 001 0 eng
010 _a 2006287765
020 _a0439889820
040 _aDLC
_cDLC
_dDLC
043 _aa------
050 0 0 _aDS 5
_b.D137 2006
100 1 _aDalby, Elizabeth.
_921619
245 1 0 _aIntroduction to Asia /
_cElizabeth Dalby.
260 _aNew York :
_bScholastic,
_c2006.
300 _a96 p. :
_bcol. ill. ;
_c29 cm.
521 _aG9
526 _c1150
651 0 _aAsia
_vJuvenile literature.
_929097
651 0 _aAsia
_xComputer network resources
_vJuvenile literature.
_929098
700 1 _aKirkby, Joanne.
_929099
700 1 _aFurnival, Keith.
_929100
700 1 _aRogers, Kirsteen.
_929101
906 _a7
_bcbc
_corigres
_d2
_encip
_f20
_gy-gencatlg
942 _2lcc
_cBK
999 _c42924
_d42924